书目信息 |
| 题名: |
可控硅整流装置
|
|
| 作者: | ;北京整流器厂 , 清华大学自动化系 编 | |
| 分册: | ||
| 出版信息: | 北京 科学出版社 1971 |
|
| 页数: | 379页 | |
| 开本: | 20cm | |
| 丛书名: | ||
| 单 册: | ||
| 中图分类: | TN342 | |
| 科图分类: | ||
| 主题词: | 晶闸管 , 可控硅 | |
| 电子资源: | ||
| ISBN: | ||
| 000 | 00701nam0 2200217 450 | |
| 001 | 0635923162 | |
| 005 | 20060804104130.15 | |
| 010 | @dCNY0.80 | |
| 100 | @a20060412d1971 km y0chiy0120 ea | |
| 101 | 0 | @achi |
| 102 | @aCN@b110000 | |
| 200 | 1 | @a可控硅整流装置@Ake kong gui zheng liu zhuang zhi@f北京整流器厂,清华大学自动化系编@Fbei jing zheng liu qi chang,qing hua da xue zi dong hua xi bian |
| 210 | @a北京@c科学出版社@d1971 | |
| 215 | 1 | @a379页@d20cm |
| 606 | 0 | @a晶闸管 |
| 606 | 0 | @a可控硅 |
| 690 | @aTN342@v4 | |
| 711 | 0 | @a北京整流器厂@Abei jing zheng liu qi chang@4编 |
| 711 | 0 | @a清华大学自动化系@Aqing hua da xue zi dong hua xi@4编 |
| 801 | 0 | @aCN@bPFT@c20060804 |
| 905 | @a10447@dTN342@e2 | |
| 可控硅整流装置/北京整流器厂,清华大学自动化系编.-北京:科学出版社,1971 |
| 379页;20cm |
| ISBN :CNY0.80 |
| ● |
| 相关链接 |
|
|
|
|
正题名:可控硅整流装置
索取号:TN342/2
 
预约/预借
| 序号 | 登录号 | 条形码 | 馆藏地/架位号 | 状态 | 备注 |
| 1 | 0009115 | 202256968 | 密集书库/ [索取号:TN342/2] | 在馆 | |
| 2 | 0009116 | 202256888 | 密集书库/ [索取号:TN342/2] | 在馆 | |
| 3 | 0009117 | 202256922 | 密集书库/ [索取号:TN342/2] | 在馆 | |
| 4 | 0439716 | 204397161 | 密集书库/ [索取号:TN342/2] | 在馆 |